La pata de la raposa

Gorde:
Xehetasun bibliografikoak
Egile nagusia: Pérez de Ayala, Ramón (Egilea)
Formatua: Liburua
Hizkuntza:gaztelania
Argitaratua: Madrid Cid 1958
Saila:Colección Altor, 10
Gaiak:
Etiketak: Etiketa erantsi
Etiketarik gabe, Izan zaitez lehena erregistro honi etiketa jartzen!

MARC

LEADER 00000nam a2200000 a 4500
001 UCZ8327
003 CL-VaPUC
008 960119e19580000SP |||||||||||||||||spa|d
082 0 4 |a 863  |b PER  |2 21 
100 0 |a Pérez de Ayala, Ramón  |e author  |9 348953 
245 1 3 |a La pata de la raposa 
300 |a 319 p 
942 |c BK 
945 |d 19960119 00:00:00  |a mcarcey 
260 |a Madrid  |b Cid  |c 1958 
650 0 |a Novelas españolas  |9 265052 
583 |a last modification  |c 19960119 00:00:00  |k Rodrigo Vera 
490 0 |a Colección Altor, 10 
999 |c 244256  |d 244254 
952 |0 0  |1 0  |4 0  |6 863_000000000000000_PER_1958  |7 0  |8 A  |9 258256  |a BIBEDU  |b BIBEDU  |d 2019-11-19  |i 3170527  |o 863 PER 1958  |p 3170527  |r 2019-11-19  |w 2019-11-19  |y BK  |k LIT